[Event "Muensterland Regionalliga Gr2 2223"]
[Site "Germany"]
[Date "2022.09.24"]
[Round "2.3"]
[White "Tuente, Marcel"]
[Black "Beckmann, David"]
[Result "1-0"]
[WhiteElo "1845"]
[BlackElo "2019"]
[PlyCount "81"]
[EventDate "2022.09.03"]
[EventType "team-tourn"]
[EventRounds "5"]
[EventCountry "GER"]
[SourceTitle "EXT 2024"]
[Source "ChessBase"]
[SourceDate "2023.10.10"]
[SourceVersion "1"]
[SourceVersionDate "2023.10.10"]
[SourceQuality "1"]
[WhiteTeam "Raesfeld Erle II"]
[BlackTeam "Borken"]
[WhiteTeamCountry "GER"]
[BlackTeamCountry "GER"]

1. e4 e6 2. d4 d5 3. e5 c5 4. c3 Nc6 5. Nf3 Bd7 6. Bd3 Qb6 7. 0-0 cxd4 8. Re1 Nge7 9. h4 h6 10. Nbd2 Nf5 11. Nb3 Be7 12. h5 Rc8 13. Rb1 Na5 14. Nbxd4 Nxd4 15. Nxd4 Nc6 16. Qg4 Kf8 17. Nf3 Bc5 18. Qg3 Ne7 19. b4 Nf5 20. bxc5 Qxb1 21. Bxb1 Nxg3 22. fxg3 Ke8 23. Ba3 Bb5 24. Bc2 Bc4 25. Rb1 Rc7 26. c6 b5 27. Nd4 a6 28. Bb3 Bd3 29. Rd1 Be4 30. Bd6 Rc8 31. a4 f6 32. axb5 axb5 33. Ra1 fxe5 34. Bxe5 Rf8 35. c7 Kd7 36. Ra6 Bd3 37. Rxe6 Rf1+ 38. Kh2 Be4 39. Rd6+ Ke7 40. Nc6+ Kf7 41. Rd8 1-0

[Event "Muensterland Regionalliga 1920"]
[Site "Germany"]
[Date "2020.02.22"]
[Round "7.2"]
[White "Tuente, Marcel"]
[Black "Arning, Marcus"]
[Result "0-1"]
[WhiteElo "1847"]
[BlackElo "1927"]
[PlyCount "60"]
[EventDate "2019.09.07"]
[EventType "team-tourn"]
[EventRounds "7"]
[EventCountry "GER"]
[SourceTitle "EXT 2023"]
[Source "ChessBase"]
[SourceDate "2022.10.05"]
[SourceVersion "1"]
[SourceVersionDate "2022.10.05"]
[SourceQuality "1"]
[WhiteTeam "Raesfeld Erle II"]
[BlackTeam "Steinfurt"]
[WhiteTeamCountry "GER"]
[BlackTeamCountry "GER"]

1. e4 e5 2. Nf3 Nc6 3. Bc4 Nf6 4. d3 Be7 5. Nc3 d6 6. Be3 Na5 7. Bb3 Nxb3 8. axb3 0-0 9. h3 d5 10. exd5 Nxd5 11. 0-0 Nxe3 12. fxe3 Qd6 13. Qe1 f5 14. e4 f4 15. Nd5 Bd8 16. Kh2 c6 17. Nc3 g5 18. g4 h5 19. gxh5 Qe6 20. Ng1 g4 21. hxg4 Qxg4 22. Qe2 Qh4+ 23. Kg2 Kh8 24. Rf3 Bg4 25. Qf2 Bxf3+ 26. Qxf3 Bb6 27. Nce2 Rg8+ 28. Kf1 Bxg1 29. Nxg1 Rg3 30. Qf2 Rag8 0-1

[Event "Muensterland Verbandsklasse 1617"]
[Site "Germany"]
[Date "2017.03.25"]
[Round "8.4"]
[White "Specht, Bernfried"]
[Black "Tuente, Marcel"]
[Result "1/2-1/2"]
[WhiteElo "1708"]
[BlackElo "1810"]
[PlyCount "38"]
[EventDate "2016.09.24"]
[EventType "team"]
[EventRounds "9"]
[EventCountry "GER"]
[SourceTitle "EXT 2018"]
[Source "ChessBase"]
[SourceDate "2017.10.13"]
[SourceVersion "1"]
[SourceVersionDate "2017.10.13"]
[SourceQuality "1"]
[WhiteTeam "Sendenhorst"]
[BlackTeam "Raesfeld Erle II"]
[WhiteTeamCountry "GER"]
[BlackTeamCountry "GER"]

1. e4 e5 2. Nf3 Nc6 3. Bc4 Bc5 4. c3 Qe7 5. d4 exd4 6. 0-0 dxc3 7. Nxc3 d6 8. Nd5 Qd8 9. b4 Bb6 10. Bb2 f6 11. Qb3 Nh6 12. Rad1 Bg4 13. Rd3 Rf8 14. a4 Bxf3 15. gxf3 a6 16. Nxb6 cxb6 17. Rfd1 Nf7 18. Bxf7+ Rxf7 19. Rxd6 Qc7 1/2-1/2

[Event "GER-chT U14"]
[Site "Magdeburg"]
[Date "2012.12.30"]
[Round "7.2"]
[White "Tuente, Marcel"]
[Black "Dechant, Georg"]
[Result "1-0"]
[WhiteElo "1543"]
[BlackElo "1587"]
[PlyCount "55"]
[EventDate "2012.12.27"]
[EventType "team-swiss"]
[EventRounds "7"]
[EventCountry "GER"]
[SourceTitle "EXT 2014"]
[Source "ChessBase"]
[SourceDate "2013.11.20"]
[SourceVersion "1"]
[SourceVersionDate "2013.11.20"]
[SourceQuality "1"]
[WhiteTeam "Raesfeld Erle"]
[BlackTeam "Regensburg Bavaria"]
[WhiteTeamCountry "GER"]
[BlackTeamCountry "GER"]

1. e4 c5 2. Nc3 Nc6 3. Bb5 e6 4. Bxc6 bxc6 5. d3 d5 6. e5 Qc7 7. f4 Ne7 8. Nf3 Ng6 9. 0-0 Be7 10. Qe1 0-0 11. h4 Re8 12. h5 Nf8 13. Qg3 Nd7 14. h6 g6 15. Nh4 Qd8 16. Nf3 Rb8 17. Ne2 Nb6 18. f5 exf5 19. Nf4 Kh8 20. Nh5 Rg8 21. Ng7 Bd7 22. Ng5 Qf8 23. Re1 f6 24. exf6 Qxf6 25. Bf4 Qf8 26. Bxb8 Bxg5 27. Qxg5 Qxb8 28. Ne6 1-0

[Event "GER-chT U14"]
[Site "Magdeburg"]
[Date "2012.12.27"]
[Round "2.2"]
[White "Tuente, Marcel"]
[Black "Surguchov, Alexander"]
[Result "1/2-1/2"]
[WhiteElo "1543"]
[BlackElo "1553"]
[PlyCount "101"]
[EventDate "2012.12.27"]
[EventType "team-swiss"]
[EventRounds "7"]
[EventCountry "GER"]
[SourceTitle "EXT 2014"]
[Source "ChessBase"]
[SourceDate "2013.11.20"]
[SourceVersion "1"]
[SourceVersionDate "2013.11.20"]
[SourceQuality "1"]
[WhiteTeam "Raesfeld Erle"]
[BlackTeam "Duesseldorf SF 75"]
[WhiteTeamCountry "GER"]
[BlackTeamCountry "GER"]

1. e4 e6 2. d4 d5 3. e5 c5 4. c3 Nc6 5. Nf3 Qb6 6. Bd3 Bd7 7. Bc2 cxd4 8. cxd4 Nb4 9. Bb3 Bb5 10. Bc2 Rc8 11. Nc3 Ne7 12. a3 Nxc2+ 13. Qxc2 Nf5 14. Be3 Nxe3 15. fxe3 Qa5 16. Kf2 Be7 17. g4 Kd7 18. h4 Rc7 19. Qd2 Rhc8 20. Nxb5 Rc2 21. Nc3 Rxd2+ 22. Nxd2 Qb6 23. Rab1 f6 24. exf6 Rf8 25. Ke2 Rxf6 26. b4 Qa6+ 27. b5 Qxa3 28. g5 Rf7 29. Rhc1 Qd6 30. Nf3 Qg3 31. Ne5+ Ke8 32. Nxf7 Kxf7 33. Rh1 Qg4+ 34. Kd3 Qf5+ 35. Kd2 Qf2+ 36. Kd3 Qf5+ 37. Kd2 Qf2+ 38. Kd3 Ke8 39. Ra1 Bb4 40. Rac1 Qb2 41. h5 Bxc3 42. Rxc3 Qxb5+ 43. Kd2 Qb4 44. g6 h6 45. Rf1 Qb2+ 46. Rc2 Qb4+ 47. Rc3 a5 48. Rf7 a4 49. Rxg7 a3 50. Rg8+ Ke7 51. Ra8 1/2-1/2

[Event "GER-chT U12"]
[Site "Gross Doelln"]
[Date "2010.12.30"]
[Round "7.2"]
[White "Tuente, Marcel"]
[Black "Hartmann, Martin"]
[Result "1/2-1/2"]
[WhiteElo "1300"]
[BlackElo "1259"]
[PlyCount "119"]
[EventDate "2010.12.27"]
[EventType "team-swiss"]
[EventRounds "7"]
[EventCountry "GER"]
[SourceTitle "CBM 140 Extra"]
[Source "ChessBase"]
[SourceDate "2011.03.01"]
[SourceVersion "1"]
[SourceVersionDate "2011.03.01"]
[SourceQuality "1"]
[WhiteTeam "Raesfeld Erle U12"]
[BlackTeam "Pforzheim U12"]
[WhiteTeamCountry "GER"]
[BlackTeamCountry "GER"]

1. e4 d5 2. exd5 Qxd5 3. Nc3 Qa5 4. Nf3 Bg4 5. Bc4 e6 6. h3 Bf5 7. d3 c6 8. 0-0 Nf6 9. Bf4 Be7 10. a3 Nbd7 11. Re1 0-0 12. Qd2 Qd8 13. Rad1 Nb6 14. Bb3 Nbd5 15. Bxd5 cxd5 16. Nh4 Bg6 17. Nxg6 hxg6 18. d4 Nh5 19. Ne2 Nxf4 20. Qxf4 Bg5 21. Qf3 Qc7 22. Qg4 Bh6 23. Nc3 Qb6 24. Rb1 Bd2 25. Red1 Bxc3 26. bxc3 Qc7 27. Rb3 a5 28. Qg3 Qxg3 29. fxg3 Rfc8 30. a4 Rc7 31. Rdb1 Rac8 32. Rxb7 Rxc3 33. R7b5 Rxc2 34. Rxa5 R2c4 35. Rd1 Rb8 36. Ra7 Rbb4 37. Ra8+ Kh7 38. Ra7 Rxa4 39. Rxf7 Rxd4 40. Rxd4 Rxd4 41. Re7 Re4 42. Kf2 d4 43. Kf3 Re3+ 44. Kf2 e5 45. h4 e4 46. Re5 Kg8 47. Rd5 Rd3 48. g4 e3+ 49. Ke1 Rd2 50. g3 d3 51. Re5 Re2+ 52. Kd1 Kf7 53. g5 Kf8 54. g4 Rg2 55. Rxe3 Rxg4 56. Rxd3 Rxh4 57. Re3 Rh1+ 58. Ke2 Rg1 59. Re5 Kf7 60. Kf3 1/2-1/2

[Event "GER-chT U12"]
[Site "Gross Doelln"]
[Date "2010.12.28"]
[Round "3.2"]
[White "Tuente, Marcel"]
[Black "Brungs, Sven"]
[Result "1-0"]
[WhiteElo "1300"]
[BlackElo "1191"]
[PlyCount "98"]
[EventDate "2010.12.27"]
[EventType "team-swiss"]
[EventRounds "7"]
[EventCountry "GER"]
[SourceTitle "CBM 140 Extra"]
[Source "ChessBase"]
[SourceDate "2011.03.01"]
[SourceVersion "1"]
[SourceVersionDate "2011.03.01"]
[SourceQuality "1"]
[WhiteTeam "Raesfeld Erle U12"]
[BlackTeam "Porz SG U12"]
[WhiteTeamCountry "GER"]
[BlackTeamCountry "GER"]

1. e4 e5 2. Nf3 Nf6 3. Nc3 Nc6 4. Bc4 Bc5 5. d3 d6 6. Be3 Bb6 7. h3 0-0 8. 0-0 Be6 9. Bb3 Ne7 10. Bg5 Nd7 11. Re1 h6 12. Bh4 g5 13. Bg3 Nf6 14. d4 exd4 15. Nxd4 Bxb3 16. axb3 Ng6 17. Nf5 Kh7 18. h4 Ne7 19. Nxe7 Qxe7 20. hxg5 hxg5 21. e5 dxe5 22. Rxe5 Qd7 23. Qf3 Kg6 24. Rd1 Qg4 25. Qd3+ Kg7 26. Ne4 Nxe4 27. Rxe4 Qf5 28. Qc3+ Kg8 29. Re5 Qg4 30. Rd3 Rfe8 31. Rf3 Rad8 32. Rxe8+ Rxe8 33. Bxc7 Bxc7 34. Qxc7 Re1+ 35. Kh2 Qh4+ 36. Rh3 Qf4+ 37. Qxf4 gxf4 38. Rc3 Re2 39. f3 b6 40. Rc7 a6 41. Rc6 b5 42. Rxa6 Rxc2 43. Rb6 Rc5 44. Kh3 Rg5 45. Kh4 Rxg2 46. Rxb5 Rg3 47. Rg5+ Rxg5 48. Kxg5 Kf8 49. Kxf4 Ke7 1-0

[Event "NRW-ch U12"]
[Site "Kranenburg"]
[Date "2009.04.16"]
[Round "6"]
[White "Gemein, Christian"]
[Black "Tuente, Marcel"]
[Result "1-0"]
[WhiteElo "934"]
[BlackElo "1101"]
[PlyCount "29"]
[EventDate "2009.04.13"]
[EventType "swiss"]
[EventRounds "7"]
[EventCountry "GER"]
[SourceTitle "EXT 2010"]
[Source "ChessBase"]
[SourceDate "2010.11.25"]
[SourceVersion "1"]
[SourceVersionDate "2010.11.25"]
[SourceQuality "1"]

1. e4 e5 2. Bc4 Nf6 3. Nc3 Bc5 4. Nf3 d6 5. d4 exd4 6. Nxd4 Qe7 7. Qd3 Bxd4 8. Qxd4 Nc6 9. Qe3 0-0 10. 0-0 Ng4 11. Qg3 Re8 12. Be2 Qe6 13. Nd5 Qd7 14. h3 Nge5 15. Nf6+ 1-0